[Event "World Chess Olympiad 2018"]
[Site "Batumi"]
[Date "2018.09.25"]
[Round "2"]
[Board "4"]
[WhiteFideId "2106981"]
[White "El Debs Felipe de Cresce"]
[BlackFideId "2274477"]
[Black "Luke Brezmes Cristofer"]
[Result "1-0"]
[LiveChessVersion "1.4.8"]
[BlackElo "2124"]
[WhiteElo "2542"]

1. e4 {[%clk 1:30:56]} e5 {[%clk 1:30:35]} 2. Nf3 {[%clk 1:31:20]} Nc6
{[%clk 1:30:57]} 3. Bc4 {[%clk 1:31:44]} Nf6 {[%clk 1:31:15]} 4. d3
{[%clk 1:32:08]} Bc5 {[%clk 1:31:18]} 5. O-O {[%clk 1:32:14]} d6 {[%clk 1:31:34]}
6. c3 {[%clk 1:32:03]} Be6 {[%clk 1:25:35]} 7. Bb5 {[%clk 1:24:57]} a6
{[%clk 1:21:02]} 8. Ba4 {[%clk 1:23:55]} b5 {[%clk 1:16:42]} 9. Bc2
{[%clk 1:24:16]} d5 {[%clk 1:08:13]} 10. exd5 {[%clk 1:19:31]} Nxd5
{[%clk 0:59:21]} 11. Ng5 {[%clk 1:18:06]} Bf5 {[%clk 0:52:39]} 12. Qf3
{[%clk 1:14:48]} Qd7 {[%clk 0:32:48]} 13. Bb3 {[%clk 1:14:38]} Nce7
{[%clk 0:31:00]} 14. Re1 {[%clk 0:59:54]} f6 {[%clk 0:29:01]} 15. Ne4
{[%clk 1:00:01]} Ba7 {[%clk 0:27:59]} 16. h3 {[%clk 0:42:28]} Be6
{[%clk 0:27:08]} 17. c4 {[%clk 0:37:40]} Nb4 {[%clk 0:25:12]} 18. Nxf6+
{[%clk 0:37:25]} gxf6 {[%clk 0:24:36]} 19. Qxa8+ {[%clk 0:37:51]} Nc8
{[%clk 0:24:39]} 20. Qf3 {[%clk 0:36:11]} Nxd3 {[%clk 0:19:17]} 21. Rf1
{[%clk 0:36:34]} Bd4 {[%clk 0:15:47]} 22. Nc3 {[%clk 0:34:54]} f5
{[%clk 0:08:59]} 23. cxb5 {[%clk 0:35:03]} Nxc1 {[%clk 0:07:08]} 24. Qh5+
{[%clk 0:34:42]} Kd8 {[%clk 0:06:17]} 25. Bxe6 {[%clk 0:34:36]} Qxe6
{[%clk 0:06:25]} 26. Raxc1 {[%clk 0:34:56]} a5 {[%clk 0:04:16]} 27. Ne2
{[%clk 0:34:41]} Bxb2 {[%clk 0:03:14]} 28. Rfd1+ {[%clk 0:34:49]} Nd6
{[%clk 0:03:30]} 29. Rc6 {[%clk 0:34:35]} Qd7 {[%clk 0:02:08]} 30. Qg5+
{[%clk 0:34:42]} Ke8 {[%clk 0:01:55]} 31. Qd2 {[%clk 0:34:37]} Bd4
{[%clk 0:00:49]} 32. Nxd4 {[%clk 0:34:56]} Ne4 {[%clk 0:01:15]} 33. Qb2
{[%clk 0:34:25]} Rg8 {[%clk 0:01:03]} 34. Re6+ {[%clk 0:34:29]} 1-0

[Event "World Chess Olympiad 2018"]
[Site "Batumi"]
[Date "2018.09.25"]
[Round "2"]
[Board "1"]
[WhiteFideId "1710400"]
[White "Grandelius Nils"]
[BlackFideId "5500419"]
[Black "Amdouni Zoubaier"]
[Result "1-0"]
[LiveChessVersion "1.4.8"]
[BlackElo "2218"]
[WhiteElo "2655"]

1. e4 {[%clk 1:30:30]} c5 {[%clk 1:30:51]} 2. Nf3 {[%clk 1:30:51]} Nc6
{[%clk 1:31:14]} 3. Bb5 {[%clk 1:30:17]} e6 {[%clk 1:31:30]} 4. O-O
{[%clk 1:30:03]} Nge7 {[%clk 1:31:35]} 5. c3 {[%clk 1:30:06]} a6 {[%clk 1:31:57]}
6. Ba4 {[%clk 1:30:29]} c4 {[%clk 1:31:38]} 7. Bc2 {[%clk 1:29:05]} Qc7
{[%clk 1:29:08]} 8. b3 {[%clk 1:26:11]} b5 {[%clk 1:19:44]} 9. a4
{[%clk 1:25:48]} Rb8 {[%clk 1:15:43]} 10. Na3 {[%clk 1:07:45]} Na5
{[%clk 0:54:36]} 11. b4 {[%clk 1:05:19]} Nac6 {[%clk 0:55:00]} 12. axb5
{[%clk 1:03:24]} axb5 {[%clk 0:55:25]} 13. d3 {[%clk 1:03:42]} d5
{[%clk 0:46:18]} 14. Re1 {[%clk 1:00:07]} g6 {[%clk 0:35:56]} 15. exd5
{[%clk 0:51:49]} Nxd5 {[%clk 0:25:45]} 16. Bb2 {[%clk 0:48:06]} Ncxb4
{[%clk 0:13:50]} 17. Nxb5 {[%clk 0:36:33]} Rxb5 {[%clk 0:12:11]} 18. Ba4
{[%clk 0:36:57]} Nxd3 {[%clk 0:10:31]} 19. Bxb5+ {[%clk 0:37:22]} Kd8
{[%clk 0:10:39]} 20. Nd4 {[%clk 0:32:30]} Qb6 {[%clk 0:05:40]} 21. Qf3
{[%clk 0:29:44]} f5 {[%clk 0:00:34]} 22. Rxe6 {[%clk 0:27:09]} Bxe6
{[%clk 0:00:39]} 23. Ra6 {[%clk 0:27:35]} Qxa6 24. Bxa6 {[%clk 0:27:55]} Bf7
{[%clk 0:00:54]} 25. Bxc4 {[%clk 0:27:46]} Ne5 {[%clk 0:00:39]} 26. Nc6+
{[%clk 0:27:55]} Nxc6 {[%clk 0:00:57]} 27. Bxd5 {[%clk 0:28:17]} Ne5
{[%clk 0:00:34]} 28. Qd1 {[%clk 0:28:18]} Bg7 {[%clk 0:00:32]} 1-0

[Event "World Chess Olympiad 2018"]
[Site "Batumi"]
[Date "2018.09.25"]
[Round "2"]
[Board "2"]
[WhiteFideId "5500796"]
[White "Zaibi Amir"]
[BlackFideId "1700812"]
[Black "Hillarp Persson Tiger"]
[Result "1/2-1/2"]
[LiveChessVersion "1.4.8"]
[BlackElo "2544"]
[WhiteElo "2361"]

1. e4 {[%clk 1:30:57]} c6 {[%clk 1:30:52]} 2. d4 {[%clk 1:30:58]} d5
{[%clk 1:31:15]} 3. e5 {[%clk 1:31:18]} c5 {[%clk 1:31:38]} 4. dxc5
{[%clk 1:31:13]} e6 {[%clk 1:31:59]} 5. Bd3 {[%clk 1:30:08]} Nc6 {[%clk 1:30:35]}
6. Nf3 {[%clk 1:30:26]} Bxc5 {[%clk 1:30:57]} 7. O-O {[%clk 1:29:48]} Nge7
{[%clk 1:31:03]} 8. Bf4 {[%clk 1:26:45]} h6 {[%clk 1:28:52]} 9. Nc3
{[%clk 1:23:03]} a6 {[%clk 1:08:56]} 10. h3 {[%clk 1:18:05]} O-O {[%clk 0:54:09]}
11. Qd2 {[%clk 1:05:10]} Ng6 {[%clk 0:51:07]} 12. Bg3 {[%clk 1:00:05]} f5
{[%clk 0:47:25]} 13. Ne2 {[%clk 0:55:54]} Bd7 {[%clk 0:46:30]} 14. a3
{[%clk 0:50:59]} Be8 {[%clk 0:36:55]} 15. Rfe1 {[%clk 0:47:15]} Qe7
{[%clk 0:34:22]} 16. Rad1 {[%clk 0:38:17]} Nh8 {[%clk 0:17:55]} 17. c4
{[%clk 0:35:26]} dxc4 {[%clk 0:17:51]} 18. Bxc4 {[%clk 0:35:44]} g5
{[%clk 0:17:17]} 19. b4 {[%clk 0:33:47]} Ba7 {[%clk 0:17:01]} 20. Qa2
{[%clk 0:31:48]} Bf7 {[%clk 0:16:11]} 21. Rd6 {[%clk 0:25:28]} Rfe8
{[%clk 0:16:31]} 22. Red1 {[%clk 0:14:23]} Rad8 {[%clk 0:16:53]} 23. h4
{[%clk 0:08:29]} Ng6 {[%clk 0:15:51]} 24. hxg5 {[%clk 0:03:58]} hxg5
{[%clk 0:16:14]} 25. Qd2 {[%clk 0:03:40]} f4 {[%clk 0:15:34]} 26. Nxf4
{[%clk 0:01:43]} Ngxe5 {[%clk 0:03:43]} 27. Nxe5 {[%clk 0:01:31]} Qxd6
{[%clk 0:04:05]} 28. Nd5 {[%clk 0:01:12]} exd5 {[%clk 0:03:52]} 29. Qxg5+
{[%clk 0:01:32]} Kf8 {[%clk 0:04:02]} 30. Nxf7 {[%clk 0:01:35]} Qe7
{[%clk 0:04:06]} 31. Qxe7+ {[%clk 0:01:33]} Nxe7 {[%clk 0:03:57]} 32. Nxd8
{[%clk 0:01:52]} dxc4 {[%clk 0:04:15]} 33. Nxb7 {[%clk 0:01:28]} Nf5
{[%clk 0:04:40]} 34. Bd6+ {[%clk 0:00:57]} Nxd6 {[%clk 0:04:45]} 35. Nxd6
{[%clk 0:00:55]} Rd8 {[%clk 0:04:44]} 36. Kf1 {[%clk 0:00:35]} Bb8
{[%clk 0:04:25]} 37. Rc1 {[%clk 0:01:02]} Bxd6 {[%clk 0:04:38]} 38. Rxc4
{[%clk 0:01:29]} Ke7 {[%clk 0:04:54]} 39. Rc6 {[%clk 0:01:39]} Ra8
{[%clk 0:05:17]} 40. Ke2 {[%clk 0:31:51]} Ke6 {[%clk 0:35:07]} 41. Kd3
{[%clk 0:31:00]} Kd5 {[%clk 0:35:11]} 42. Rb6 {[%clk 0:31:10]} Bc7
{[%clk 0:35:16]} 43. Rg6 {[%clk 0:31:18]} Be5 {[%clk 0:32:10]} 44. g3
{[%clk 0:31:06]} a5 {[%clk 0:32:09]} 45. bxa5 {[%clk 0:30:35]} Rxa5
{[%clk 0:32:29]} 46. Ke2 {[%clk 0:30:56]} Rxa3 {[%clk 0:32:42]} 47. Rg4
{[%clk 0:29:02]} Ke6 {[%clk 0:31:35]} 48. Re4 {[%clk 0:28:32]} Kf5
{[%clk 0:31:45]} 49. Rc4 {[%clk 0:28:01]} Ra2+ {[%clk 0:31:40]} 1/2-1/2

[Event "World Chess Olympiad 2018"]
[Site "Batumi"]
[Date "2018.09.25"]
[Round "2"]
[Board "3"]
[WhiteFideId "1709437"]
[White "Blomqvist Erik"]
[BlackFideId "5500460"]
[Black "Boudriga Mohamed Ali"]
[Result "1-0"]
[LiveChessVersion "1.4.8"]
[BlackElo "2376"]
[WhiteElo "2499"]

1. d4 {[%clk 1:30:54]} d5 {[%clk 1:29:59]} 2. Bf4 {[%clk 1:31:15]} Nf6
{[%clk 1:29:37]} 3. e3 {[%clk 1:31:27]} c5 {[%clk 1:29:32]} 4. Nf3
{[%clk 1:30:50]} Nc6 {[%clk 1:29:35]} 5. Nbd2 {[%clk 1:31:11]} e6
{[%clk 1:16:46]} 6. c3 {[%clk 1:31:30]} cxd4 {[%clk 1:16:08]} 7. exd4
{[%clk 1:31:52]} Nh5 {[%clk 1:16:23]} 8. Be3 {[%clk 1:32:05]} g6 {[%clk 1:16:33]}
9. Ne5 {[%clk 1:21:49]} Bd6 {[%clk 1:10:21]} 10. Nd3 {[%clk 1:21:46]} O-O
{[%clk 1:09:34]} 11. g3 {[%clk 1:14:35]} b6 {[%clk 1:02:29]} 12. Be2
{[%clk 1:11:23]} Ba6 {[%clk 1:00:46]} 13. O-O {[%clk 1:06:48]} Ng7
{[%clk 0:50:38]} 14. Re1 {[%clk 0:58:09]} Nf5 {[%clk 0:49:28]} 15. Bf1
{[%clk 0:58:32]} Rb8 {[%clk 0:45:28]} 16. Bf4 {[%clk 0:52:51]} Bxd3
{[%clk 0:45:12]} 17. Bxd6 {[%clk 0:53:05]} Nxd6 {[%clk 0:45:21]} 18. Bxd3
{[%clk 0:53:30]} b5 {[%clk 0:45:05]} 19. b4 {[%clk 0:47:14]} a5 {[%clk 0:43:20]}
20. a3 {[%clk 0:47:35]} Re8 {[%clk 0:40:47]} 21. Nb3 {[%clk 0:46:02]} Qf6
{[%clk 0:33:21]} 22. Nc5 {[%clk 0:38:38]} Re7 {[%clk 0:33:29]} 23. Re3
{[%clk 0:34:05]} Ra7 {[%clk 0:32:07]} 24. Rc1 {[%clk 0:33:53]} axb4
{[%clk 0:32:26]} 25. axb4 {[%clk 0:34:19]} Ra2 {[%clk 0:30:50]} 26. Re2
{[%clk 0:24:10]} Rba8 {[%clk 0:27:33]} 27. Qf1 {[%clk 0:20:28]} R2a3
{[%clk 0:15:25]} 28. Re3 {[%clk 0:18:28]} Ra2 {[%clk 0:13:33]} 29. Rce1
{[%clk 0:16:31]} Re8 {[%clk 0:09:47]} 30. h4 {[%clk 0:15:19]} Re7
{[%clk 0:09:07]} 31. Qg2 {[%clk 0:09:25]} Nd8 {[%clk 0:07:42]} 32. Rf3
{[%clk 0:08:09]} Qg7 {[%clk 0:08:05]} 33. Qf1 {[%clk 0:06:28]} Nc4
{[%clk 0:06:16]} 34. Qh3 {[%clk 0:05:59]} Rea7 {[%clk 0:05:21]} 35. Qg4
{[%clk 0:05:42]} Ra1 {[%clk 0:04:59]} 36. Rxa1 {[%clk 0:06:05]} Rxa1+
{[%clk 0:05:27]} 37. Kg2 {[%clk 0:06:24]} Nd6 {[%clk 0:02:00]} 38. Qf4
{[%clk 0:05:23]} Qf8 {[%clk 0:01:32]} 39. Nd7 {[%clk 0:05:36]} Qe7
{[%clk 0:01:53]} 40. Nf6+ {[%clk 0:35:58]} Kg7 {[%clk 0:30:33]} 41. Qxd6
{[%clk 0:31:17]} Qxd6 {[%clk 0:20:55]} 42. Ne8+ {[%clk 0:31:38]} 1-0

[Event "World Chess Olympiad 2018"]
[Site "Batumi"]
[Date "2018.09.25"]
[Round "2"]
[Board "4"]
[WhiteFideId "5501733"]
[White "Bouzidi Ahmed"]
[BlackFideId "1701754"]
[Black "Westerberg Jonathan"]
[Result "0-1"]
[LiveChessVersion "1.4.8"]
[BlackElo "2504"]
[WhiteElo "2246"]

1. e4 {[%clk 1:30:56]} c5 {[%clk 1:30:35]} 2. c3 {[%clk 1:31:14]} Nf6
{[%clk 1:30:39]} 3. e5 {[%clk 1:31:40]} Nd5 {[%clk 1:30:52]} 4. Nf3
{[%clk 1:30:16]} e6 {[%clk 1:29:19]} 5. g3 {[%clk 1:29:47]} Nc6 {[%clk 1:27:31]}
6. Bg2 {[%clk 1:29:26]} Be7 {[%clk 1:26:46]} 7. O-O {[%clk 1:29:35]} O-O
{[%clk 1:27:04]} 8. a4 {[%clk 1:29:17]} b6 {[%clk 1:20:43]} 9. Na3
{[%clk 1:25:57]} Bb7 {[%clk 1:17:29]} 10. Qe2 {[%clk 1:14:36]} d6
{[%clk 1:15:00]} 11. exd6 {[%clk 1:09:01]} Qxd6 {[%clk 1:08:15]} 12. d4
{[%clk 1:06:41]} cxd4 {[%clk 1:03:47]} 13. Nb5 {[%clk 1:07:06]} Qd7
{[%clk 1:00:34]} 14. Nbxd4 {[%clk 1:06:41]} Nxd4 {[%clk 0:54:42]} 15. Nxd4
{[%clk 1:05:11]} Bf6 {[%clk 0:48:50]} 16. Rd1 {[%clk 1:02:51]} Rfd8
{[%clk 0:38:30]} 17. Qg4 {[%clk 0:47:10]} Qe7 {[%clk 0:20:41]} 18. h4
{[%clk 0:40:36]} Bxd4 {[%clk 0:16:09]} 19. Rxd4 {[%clk 0:33:34]} Nf6
{[%clk 0:15:25]} 20. Rxd8+ {[%clk 0:33:20]} Rxd8 {[%clk 0:12:26]} 21. Qe2
{[%clk 0:33:14]} Bxg2 {[%clk 0:11:29]} 22. Kxg2 {[%clk 0:33:37]} Qb7+
{[%clk 0:11:08]} 23. Qf3 {[%clk 0:32:36]} Qxf3+ {[%clk 0:03:54]} 24. Kxf3
{[%clk 0:32:55]} Rd1 {[%clk 0:04:21]} 25. c4 {[%clk 0:25:19]} h5 {[%clk 0:02:32]}
26. Ke2 {[%clk 0:22:58]} Rh1 {[%clk 0:02:26]} 27. b4 {[%clk 0:21:33]} Ne4
{[%clk 0:02:54]} 28. Bb2 {[%clk 0:01:11]} Nxg3+ {[%clk 0:03:06]} 29. fxg3
{[%clk 0:01:34]} Rh2+ {[%clk 0:03:32]} 30. Kd3 {[%clk 0:01:54]} Rxb2
{[%clk 0:03:52]} 31. c5 bxc5 {[%clk 0:04:02]} 32. bxc5 {[%clk 0:01:12]} Kf8
{[%clk 0:03:55]} 33. Kc3 {[%clk 0:01:37]} Rb8 {[%clk 0:02:13]} 34. Kc4
{[%clk 0:01:22]} Ke7 {[%clk 0:02:18]} 35. Rd1 {[%clk 0:01:46]} a5
{[%clk 0:01:35]} 36. c6 {[%clk 0:01:05]} Rd8 {[%clk 0:01:53]} 37. Rb1
{[%clk 0:01:05]} Kd6 {[%clk 0:02:15]} 38. Rb7 {[%clk 0:00:35]} Kxc6
{[%clk 0:01:21]} 39. Rxf7 {[%clk 0:00:58]} Rd7 {[%clk 0:00:56]} 40. Rf4
{[%clk 0:30:32]} Rb7 {[%clk 0:30:52]} 41. Kc3 {[%clk 0:22:00]} Kd5
{[%clk 0:12:23]} 42. Rd4+ {[%clk 0:15:26]} Ke5 {[%clk 0:12:31]} 43. Rc4
{[%clk 0:15:52]} Rd7 {[%clk 0:12:11]} 44. Rc5+ {[%clk 0:08:52]} Rd5
{[%clk 0:11:47]} 45. Kc4 {[%clk 0:07:43]} Rxc5+ {[%clk 0:08:19]} 46. Kxc5
{[%clk 0:08:07]} g6 {[%clk 0:08:43]} 47. Kb5 {[%clk 0:08:26]} Kd5
{[%clk 0:09:11]} 48. Kxa5 {[%clk 0:08:48]} Kc5 {[%clk 0:09:24]} 49. Ka6
{[%clk 0:08:44]} e5 {[%clk 0:09:50]} 50. Kb7 {[%clk 0:08:42]} e4 {[%clk 0:09:08]}
0-1

[Event "World Chess Olympiad 2018"]
[Site "Batumi"]
[Date "2018.09.25"]
[Round "2"]
[Board "1"]
[WhiteFideId "2805677"]
[White "Gelfand Boris"]
[BlackFideId "6501311"]
[Black "Duran Vega Sergio"]
[Result "1-0"]
[LiveChessVersion "1.4.8"]
[BlackElo "2401"]
[WhiteElo "2703"]

1. c4 {[%clk 1:30:58]} e5 {[%clk 1:30:53]} 2. g3 {[%clk 1:31:25]} Nf6
{[%clk 1:31:06]} 3. Bg2 {[%clk 1:31:51]} Nc6 {[%clk 1:30:05]} 4. Nc3
{[%clk 1:30:32]} Bb4 {[%clk 1:29:53]} 5. Nd5 {[%clk 1:29:25]} O-O
{[%clk 1:27:48]} 6. a3 {[%clk 1:23:47]} Bd6 {[%clk 1:24:59]} 7. Nc3
{[%clk 1:15:33]} Re8 {[%clk 1:15:43]} 8. e3 {[%clk 1:07:09]} Bf8 {[%clk 1:10:22]}
9. Nge2 {[%clk 1:05:45]} d6 {[%clk 1:10:29]} 10. O-O {[%clk 1:03:00]} Bf5
{[%clk 1:07:32]} 11. e4 {[%clk 0:56:50]} Bg4 {[%clk 0:59:47]} 12. f3
{[%clk 0:56:58]} Be6 {[%clk 0:58:58]} 13. d3 {[%clk 0:56:22]} Qd7
{[%clk 0:55:20]} 14. Be3 {[%clk 0:45:03]} a6 {[%clk 0:50:37]} 15. Nd5
{[%clk 0:43:00]} Be7 {[%clk 0:48:59]} 16. Rc1 {[%clk 0:37:38]} Bd8
{[%clk 0:47:51]} 17. d4 {[%clk 0:36:36]} exd4 {[%clk 0:43:45]} 18. Nxd4
{[%clk 0:36:44]} Bh3 {[%clk 0:41:42]} 19. Bxh3 {[%clk 0:33:31]} Qxh3
{[%clk 0:41:56]} 20. Nf5 {[%clk 0:33:30]} Nxd5 {[%clk 0:39:39]} 21. cxd5
{[%clk 0:31:21]} Ne7 {[%clk 0:39:14]} 22. Qa4 {[%clk 0:27:41]} b5
{[%clk 0:34:14]} 23. Nxe7+ {[%clk 0:27:01]} Rxe7 {[%clk 0:34:35]} 24. Qc2
{[%clk 0:26:17]} Qd7 {[%clk 0:31:30]} 25. Qd3 {[%clk 0:24:54]} Qc8
{[%clk 0:30:28]} 26. Rc6 {[%clk 0:23:36]} Qb7 {[%clk 0:30:40]} 27. Bd4
{[%clk 0:21:35]} a5 {[%clk 0:28:51]} 28. b3 {[%clk 0:19:39]} Re8 {[%clk 0:22:40]}
29. Rfc1 {[%clk 0:18:43]} f6 {[%clk 0:15:34]} 30. Rb1 {[%clk 0:14:26]} Re7
{[%clk 0:13:49]} 31. Rb2 {[%clk 0:13:04]} Re8 {[%clk 0:13:52]} 32. g4
{[%clk 0:12:37]} h6 {[%clk 0:12:31]} 33. h4 {[%clk 0:10:44]} Kf7 {[%clk 0:10:39]}
34. h5 {[%clk 0:10:07]} Kg8 {[%clk 0:09:38]} 35. a4 {[%clk 0:09:47]} b4
{[%clk 0:05:03]} 36. Rbc2 {[%clk 0:09:11]} Kf7 {[%clk 0:03:45]} 37. Kf1
{[%clk 0:08:08]} Qb8 {[%clk 0:01:26]} 38. Ra6 {[%clk 0:05:22]} Qb7
{[%clk 0:00:36]} 39. Rxa8 {[%clk 0:03:04]} Qxa8 {[%clk 0:01:04]} 40. Qb5
{[%clk 0:33:29]} Qc8 {[%clk 0:30:45]} 41. Ke2 {[%clk 0:29:54]} Re7
{[%clk 0:24:38]} 42. Kd3 {[%clk 0:28:36]} Kf8 {[%clk 0:20:29]} 43. Rc6
{[%clk 0:25:52]} 1-0

[Event "World Chess Olympiad 2018"]
[Site "Batumi"]
[Date "2018.09.25"]
[Round "2"]
[Board "2"]
[WhiteFideId "15700739"]
[White "Ghebrehiwet Haftom Ghebremedhn"]
[BlackFideId "6700098"]
[Black "Chavez Ricardo Ernesto"]
[Result "0-1"]
[LiveChessVersion "1.4.8"]
[BlackElo "2244"]
[WhiteElo "1979"]

1. e4 {[%clk 1:30:56]} d5 {[%clk 1:29:33]} 2. exd5 {[%clk 1:31:19]} Nf6
{[%clk 1:29:55]} 3. d4 {[%clk 1:31:38]} Bg4 {[%clk 1:30:08]} 4. Be2
{[%clk 1:31:17]} Bxe2 {[%clk 1:29:55]} 5. Qxe2 {[%clk 1:30:40]} Qxd5
{[%clk 1:30:42]} 6. Nf3 {[%clk 1:30:51]} e6 {[%clk 1:31:05]} 7. O-O
{[%clk 1:29:56]} Nc6 {[%clk 1:31:17]} 8. Be3 {[%clk 1:24:21]} Bd6
{[%clk 1:30:40]} 9. Nc3 {[%clk 1:22:38]} Qh5 {[%clk 1:30:11]} 10. h3
{[%clk 1:22:26]} O-O {[%clk 1:26:56]} 11. Nb5 {[%clk 1:19:24]} Rad8
{[%clk 1:23:50]} 12. Nxd6 {[%clk 1:19:17]} Rxd6 {[%clk 1:23:37]} 13. Rad1
{[%clk 1:12:29]} h6 {[%clk 1:16:57]} 14. Bf4 {[%clk 1:09:33]} Rd7
{[%clk 1:17:04]} 15. Rfe1 {[%clk 1:09:21]} Rfd8 {[%clk 1:13:52]} 16. c3
{[%clk 1:09:10]} a6 {[%clk 1:09:26]} 17. Qc2 {[%clk 1:04:43]} Qa5
{[%clk 1:04:48]} 18. a3 {[%clk 0:50:32]} Nd5 {[%clk 1:01:21]} 19. Bg3
{[%clk 0:50:20]} Nde7 {[%clk 1:01:31]} 20. Ne5 {[%clk 0:41:19]} Nxe5
{[%clk 1:00:59]} 21. Rxe5 {[%clk 0:41:35]} Rd5 {[%clk 0:55:29]} 22. Rxd5
{[%clk 0:37:46]} Rxd5 {[%clk 0:53:56]} 23. a4 {[%clk 0:34:23]} Nf5
{[%clk 0:50:08]} 24. Be5 {[%clk 0:33:18]} c5 {[%clk 0:47:56]} 25. g4
{[%clk 0:29:44]} cxd4 {[%clk 0:41:57]} 26. cxd4 {[%clk 0:28:59]} Ne7
{[%clk 0:39:59]} 27. Bf4 {[%clk 0:22:44]} Nc6 {[%clk 0:39:23]} 28. Be3
{[%clk 0:17:55]} Qb4 {[%clk 0:38:22]} 29. Kg2 {[%clk 0:16:28]} Ra5
{[%clk 0:35:27]} 30. b3 {[%clk 0:15:43]} Qd6 {[%clk 0:34:57]} 31. Rd2
{[%clk 0:13:18]} Rd5 {[%clk 0:34:03]} 32. Qc3 {[%clk 0:12:45]} Qd8
{[%clk 0:33:52]} 33. Kg1 {[%clk 0:11:13]} Qf6 {[%clk 0:32:13]} 34. Kg2
{[%clk 0:11:36]} h5 {[%clk 0:31:17]} 35. f3 {[%clk 0:10:57]} Qe7 {[%clk 0:29:56]}
36. Bf2 {[%clk 0:10:01]} Qd6 {[%clk 0:29:31]} 37. Be3 {[%clk 0:10:08]} Qd8
{[%clk 0:28:57]} 38. Kg3 {[%clk 0:09:59]} Ne7 {[%clk 0:27:37]} 39. Rc2
{[%clk 0:09:35]} Rd7 {[%clk 0:26:17]} 40. Bg5 {[%clk 0:34:40]} Nf5+
{[%clk 0:49:15]} 41. gxf5 {[%clk 0:31:55]} Qxg5+ {[%clk 0:49:26]} 42. Kf2
{[%clk 0:31:43]} exf5 {[%clk 0:48:05]} 43. Qc8+ {[%clk 0:27:28]} Rd8
{[%clk 0:48:23]} 44. Qxb7 {[%clk 0:27:06]} Qh4+ {[%clk 0:47:44]} 45. Kg2
{[%clk 0:27:04]} Qg5+ {[%clk 0:45:45]} 46. Kf2 {[%clk 0:26:11]} Rxd4
{[%clk 0:45:08]} 47. Qxa6 {[%clk 0:14:08]} h4 {[%clk 0:32:50]} 48. Qf1
{[%clk 0:08:54]} Qg3+ {[%clk 0:31:43]} 49. Ke2 {[%clk 0:07:03]} Rd6
{[%clk 0:27:41]} 50. Qf2 {[%clk 0:02:25]} Qe5+ {[%clk 0:23:20]} 51. Kf1
{[%clk 0:02:52]} Qa1+ {[%clk 0:21:50]} 52. Kg2 {[%clk 0:02:44]} Rg6+
{[%clk 0:22:13]} 53. Kh2 {[%clk 0:03:11]} Rg3 {[%clk 0:21:42]} 54. Re2
{[%clk 0:02:29]} Rxh3+ {[%clk 0:19:04]} 55. Kxh3 {[%clk 0:02:57]} Qh1+
{[%clk 0:19:14]} 56. Qh2 {[%clk 0:03:04]} Qxf3+ {[%clk 0:19:35]} 0-1

[Event "World Chess Olympiad 2018"]
[Site "Batumi"]
[Date "2018.09.25"]
[Round "2"]
[Board "2"]
[WhiteFideId "8700389"]
[White "Simutowe Musatwe"]
[BlackFideId "10802088"]
[Black "Ngani Victor"]
[Result "0-1"]
[LiveChessVersion "1.4.8"]
[BlackElo "2022"]
[WhiteElo "2208"]

1. e4 {[%clk 1:30:40]} c5 {[%clk 1:30:57]} 2. Nf3 {[%clk 1:31:00]} g6
{[%clk 1:31:25]} 3. d4 {[%clk 1:30:39]} cxd4 {[%clk 1:31:54]} 4. Nxd4
{[%clk 1:27:44]} Nc6 {[%clk 1:31:49]} 5. c4 {[%clk 1:26:27]} Bg7 {[%clk 1:32:15]}
6. Be3 {[%clk 1:21:50]} Nf6 {[%clk 1:32:37]} 7. Nc3 {[%clk 1:21:59]} d6
{[%clk 1:32:30]} 8. f3 {[%clk 1:21:38]} O-O {[%clk 1:31:09]} 9. Qd2
{[%clk 1:22:01]} Bd7 {[%clk 1:30:50]} 10. Be2 {[%clk 1:22:23]} Nxd4
{[%clk 1:30:55]} 11. Bxd4 {[%clk 1:22:43]} Bc6 {[%clk 1:31:13]} 12. O-O
{[%clk 1:23:00]} a5 {[%clk 1:30:47]} 13. Rac1 {[%clk 1:20:46]} a4
{[%clk 1:29:30]} 14. Rfd1 {[%clk 1:20:06]} Nd7 {[%clk 1:29:36]} 15. Bxg7
{[%clk 1:18:16]} Kxg7 {[%clk 1:30:00]} 16. Kh1 {[%clk 1:18:13]} Qa5
{[%clk 1:26:37]} 17. Bf1 {[%clk 1:12:56]} Kg8 {[%clk 1:23:09]} 18. Re1
{[%clk 1:11:31]} b6 {[%clk 1:19:48]} 19. Rcd1 {[%clk 1:10:28]} Rfc8
{[%clk 1:18:13]} 20. f4 {[%clk 1:04:31]} Qh5 {[%clk 1:15:27]} 21. Re3
{[%clk 1:04:23]} Qh6 {[%clk 1:15:24]} 22. Rh3 {[%clk 1:00:38]} Qg7
{[%clk 1:15:50]} 23. Re1 {[%clk 1:00:35]} Ra5 {[%clk 1:02:02]} 24. Be2
{[%clk 0:58:41]} h5 {[%clk 0:57:24]} 25. Rg3 {[%clk 0:46:08]} Rc5
{[%clk 0:55:53]} 26. Bd3 {[%clk 0:35:36]} Qh6 {[%clk 0:53:19]} 27. Qf2
{[%clk 0:33:15]} Kf8 {[%clk 0:45:25]} 28. b4 {[%clk 0:22:22]} axb3
{[%clk 0:43:03]} 29. axb3 {[%clk 0:22:45]} Ra5 {[%clk 0:43:27]} 30. Rge3
{[%clk 0:18:30]} Qg7 {[%clk 0:40:32]} 31. Bf1 {[%clk 0:11:22]} Rca8
{[%clk 0:39:03]} 32. h3 {[%clk 0:11:24]} Ra1 {[%clk 0:36:52]} 33. Kh2
{[%clk 0:10:20]} R8a3 {[%clk 0:35:34]} 34. Rxa1 {[%clk 0:07:17]} Rxa1
{[%clk 0:36:00]} 35. Be2 {[%clk 0:02:01]} Rc1 {[%clk 0:34:52]} 36. Na2
{[%clk 0:01:42]} Rb1 {[%clk 0:34:24]} 37. Nb4 {[%clk 0:01:58]} Bb7
{[%clk 0:34:41]} 38. h4 {[%clk 0:00:45]} Qd4 {[%clk 0:26:33]} 39. Nc2
{[%clk 0:00:35]} Qd2 {[%clk 0:26:23]} 40. Na3 {[%clk 0:30:40]} Re1
{[%clk 0:54:32]} 41. e5 {[%clk 0:24:56]} Qc1 {[%clk 0:47:48]} 42. Nb5
{[%clk 0:23:13]} Nc5 {[%clk 0:42:47]} 43. exd6 {[%clk 0:22:45]} e6
{[%clk 0:32:24]} 44. f5 {[%clk 0:16:40]} gxf5 {[%clk 0:25:56]} 45. b4
{[%clk 0:11:20]} Ne4 {[%clk 0:24:58]} 46. Rxe4 {[%clk 0:11:18]} Bxe4
{[%clk 0:25:17]} 47. d7 {[%clk 0:07:40]} Ke7 {[%clk 0:19:12]} 48. d8=Q+
{[%clk 0:02:28]} Kxd8 {[%clk 0:19:33]} 49. Qxb6+ {[%clk 0:02:29]} Ke7
{[%clk 0:19:56]} 50. Qc7+ {[%clk 0:00:35]} Kf6 {[%clk 0:20:19]} 51. Bxh5
{[%clk 0:00:49]} Rh1+ {[%clk 0:18:38]} 52. Kg3 {[%clk 0:01:17]} Qe1+
{[%clk 0:19:00]} 53. Kf4 {[%clk 0:01:30]} Rxh4+ {[%clk 0:19:26]} 0-1

[Event "World Chess Olympiad 2018"]
[Site "Batumi"]
[Date "2018.09.25"]
[Round "2"]
[Board "1"]
[WhiteFideId "6702309"]
[White "Giron Jorge Ernesto"]
[BlackFideId "15700356"]
[Black "Altaye Girum Teklewold"]
[Result "1-0"]
[LiveChessVersion "1.4.8"]
[BlackElo "1986"]
[WhiteElo "2303"]

1. e4 {[%clk 1:28:31]} e6 {[%clk 1:30:46]} 2. d4 {[%clk 1:28:34]} d5
{[%clk 1:31:07]} 3. Nd2 {[%clk 1:28:57]} Nf6 {[%clk 1:30:34]} 4. e5
{[%clk 1:29:22]} Nfd7 {[%clk 1:30:34]} 5. Bd3 {[%clk 1:29:44]} c5
{[%clk 1:30:34]} 6. c3 {[%clk 1:30:10]} Nc6 {[%clk 1:30:24]} 7. Ngf3
{[%clk 1:30:35]} Qb6 {[%clk 1:29:39]} 8. O-O {[%clk 1:30:58]} cxd4
{[%clk 1:29:38]} 9. cxd4 {[%clk 1:31:25]} Nxd4 {[%clk 1:29:00]} 10. Nxd4
{[%clk 1:31:50]} Qxd4 {[%clk 1:29:03]} 11. Nf3 {[%clk 1:32:16]} Qb6
{[%clk 1:28:34]} 12. Qa4 {[%clk 1:32:35]} Qb4 {[%clk 1:27:52]} 13. Qc2
{[%clk 1:32:59]} h6 {[%clk 1:19:03]} 14. Bd2 {[%clk 1:29:28]} Qb6
{[%clk 1:15:05]} 15. Qa4 {[%clk 1:29:29]} a6 {[%clk 1:10:51]} 16. Rfc1
{[%clk 1:21:48]} Bc5 {[%clk 1:08:24]} 17. Rxc5 {[%clk 1:22:11]} Qxc5
{[%clk 1:07:35]} 18. Rc1 {[%clk 1:22:30]} Qa7 {[%clk 1:02:52]} 19. Qg4
{[%clk 1:19:08]} g5 {[%clk 1:01:25]} 20. Bb4 {[%clk 1:18:21]} Qb6
{[%clk 0:59:13]} 21. Ba3 {[%clk 1:16:38]} Qd8 {[%clk 0:58:47]} 22. Qxe6+
{[%clk 1:15:44]} 1-0